Mechanics of aircraft structures. (2nd edition) (Record no. 82832)

MARC details
000 -LEADER
fixed length control field 01333nam a2200229 a 4500
008 - FIXED-LENGTH DATA ELEMENTS--GENERAL INFORMATION
fixed length control field 190823s2006 ||||||||||||||||| || u
020 ## - INTERNATIONAL STANDARD BOOK NUMBER
International Standard Book Number 9780471699668
050 ## - LIBRARY OF CONGRESS CALL NUMBER
Classification number TL 671.6 Sun
100 ## - MAIN ENTRY--PERSONAL NAME
Personal name Sun, C.T
245 10 - TITLE STATEMENT
Title Mechanics of aircraft structures. (2nd edition)
Statement of responsibility, etc. By C.T. Sun
250 ## - EDITION STATEMENT
Edition statement 2nd edition
260 ## - PUBLICATION, DISTRIBUTION, ETC.
Place of publication, distribution, etc. New York
Name of publisher, distributor, etc. John Wiley & Sons, Inc
Date of publication, distribution, etc. 2006
300 ## - PHYSICAL DESCRIPTION
Extent xvi, 298 pages : illustrations
350 ## -
-- 125.48
650 ## - SUBJECT ADDED ENTRY--TOPICAL TERM
Topical term or geographic name entry element FRACTURE MECHANICS
650 ## - SUBJECT ADDED ENTRY--TOPICAL TERM
Topical term or geographic name entry element AIRFRAMES
995 ## -
-- MAIN LIBRARY OPEN ACCESS
-- 749537
-- CBU-MAIN LIBRARY (Kitwe)
-- 125.48
-- TL 671.6 Sun
-- 1
-- AVAILABLE
-- Aug 26, 2019
-- 749537
-- Main Library Open Access Collection
995 ## -
-- MAIN LIBRARY OPEN ACCESS
-- 749589
-- CBU-MAIN LIBRARY (Kitwe)
-- 125.48
-- TL 671.6 Sun
-- 3
-- AVAILABLE
-- Aug 26, 2019
-- 749589
-- Main Library Open Access Collection
995 ## -
-- MAIN LIBRARY OPEN ACCESS
-- 749591
-- CBU-MAIN LIBRARY (Kitwe)
-- 125.48
-- TL 671.6 Sun
-- 5
-- AVAILABLE
-- Aug 26, 2019
-- 749591
-- Main Library Open Access Collection
995 ## -
-- MAIN LIBRARY OPEN ACCESS
-- 749538
-- CBU-MAIN LIBRARY (Kitwe)
-- 125.48
-- TL 671.6 Sun
-- 2
-- AVAILABLE
-- Aug 26, 2019
-- 749538
-- Main Library Open Access Collection
995 ## -
-- MAIN LIBRARY OPEN ACCESS
-- 749590
-- CBU-MAIN LIBRARY (Kitwe)
-- 125.48
-- TL 671.6 Sun
-- 4
-- AVAILABLE
-- Aug 26, 2019
-- 749590
-- Main Library Open Access Collection
999 ## -
-- 82832
-- 82832
Holdings
Withdrawn status Lost status Source of classification or shelving scheme Damaged status Not for loan Permanent Location Current Location Shelving location Date acquired Total Checkouts Full call number Barcode Date last seen Copy number Price effective from Koha item type
          CBU-MAIN LIBRARY, KITWE. CBU-MAIN LIBRARY, KITWE.   09/29/2023   TL 671.6 Sun 749537 09/29/2023 1 09/29/2023 MONOGRAPH
          CBU-MAIN LIBRARY, KITWE. CBU-MAIN LIBRARY, KITWE.   09/29/2023   TL 671.6 Sun 749589 09/29/2023 2 09/29/2023 MONOGRAPH
          CBU-MAIN LIBRARY, KITWE. CBU-MAIN LIBRARY, KITWE.   09/29/2023   TL 671.6 Sun 749591 09/29/2023 3 09/29/2023 MONOGRAPH
          CBU-MAIN LIBRARY, KITWE. CBU-MAIN LIBRARY, KITWE.   09/29/2023   TL 671.6 Sun 749538 09/29/2023 4 09/29/2023 MONOGRAPH
          CBU-MAIN LIBRARY, KITWE. CBU-MAIN LIBRARY, KITWE.   09/29/2023   TL 671.6 Sun 749590 09/29/2023 5 09/29/2023 MONOGRAPH